000 00956cam a2200325Ma 4500
001 86926
005 20230411090045.0
008 040105s2003 cau 000 0 eng d
035 _a(OCoLC)ocn423441074
040 _aU9S
_bfre
_cU9S
_dZWZ
020 _a0805353364
020 _a9780805353365
029 1 _aZWZ
_b128052015
035 _a(OCoLC)423441074
060 4 _aQS17
_bH975 2003
049 _aGRAL
100 1 _aHutchinson, Matt.
245 1 2 _aA brief atlas of the human body /
_cMatt Hutchinson, Jon Mallatt , Elaine N. Marieb ; photographs by Ralph T. Hutchings.
260 _aSan Francisco :
_bB. Cummings,
_c2003.
300 _avi, 97 p.
650 6 _aAnatomie humaine
_vAtlas.
650 7 _aAnatomie humaine
_xAtlas.
_2ram
650 7 _aAnatomie.
_2fmesh
650 7 _aCorps humain.
_2fmesh
700 1 _aMallatt, Jon.
700 1 _aMarieb, Elaine Nicpon,
_d1936-
942 _2lcc
_cbk
946 _accruz
994 _aC0
_bDRFGD
999 _c111715
_d111715